Yhdistä kirjailija ja teos #2 - Statistics

Yleistilastot
  • Tätä visaa on pelattu 96 kertaa
  • Keskiarvotulos 19 / 34
Vastaustilastot
Hint Vastaus % Oikein
Tove Jansson Muumipeikko ja pyrstötähti
93%
Anna-Leena Härkönen Häräntappoase
92%
Anne Frank Nuoren tytön päiväkirja
90%
Leo Tolstoi Anna Karenina
77%
Jane Austen Ylpeys ja ennakkoluulo
77%
Juhani Aho Rautatie
75%
Astrid Lindgren Veljeni leijonamieli
75%
Jules Verne Maailman ympäri 80 päivässä
74%
Stephen King Hohto
72%
Kalle Päätalo Iijoki-sarja
72%
Enid Blyton Viisikko-sarja
72%
A.A. Milne Nalle puh
70%
Anni Polva Tiina-sarja
69%
Juha Vuorinen Juoppohullun päiväkirja
67%
Kirsi Kunnas Tiitiäisen satupuu
67%
Mark Twain Huckleberry Finnin seikkailut
59%
Louisa May Alcott Pikku naisia
57%
Laura Ingalls Wilder Pieni talo preerialla
56%
J.D. Salinger Sieppari ruispellossa
56%
Kjell Westö Missä kuljimme kerran
54%
Hergé Tintti-sarja
54%
Timo K. Mukka Maa on syntinen laulu
52%
Eduard Uspenski Fedja-setä, kissa ja koira
49%
Laila Hietamies Hylätyt talot, autiot pihat
48%
Yrjö Kokko Pessi ja illusia
46%
Johanna Sinisalo Ennen päivänlaskua ei voi
39%
John Boyne Poika raidallisessa pyjamassa
33%
Juha Itkonen Anna minun rakastaa enemmän
28%
Thomas Harris Uhrilampaat
26%
Jan Guillou Pahuus
25%
Richard Bach Lokki Joonatan
23%
Raymond Chandler Syvä uni
23%
Risto Isomäki Sarasvatin hiekkaa
20%
Aino Suhola Rakasta minut vahvaksi
18%
Ehtoja vastaavia visoja ei löytynyt
Tulosjakauma
Jokaisen tuloksen saaneiden osuus
Persentiili vastausten määrän mukaan
Tuloshistoriasi
Et ole pelannut tätä visaa